Statistics for Food Words in Different Romance Languages

Click here to take the quiz!

General Stats

  • This quiz has been taken 167 times
  • The average score is 21 of 77

Answer Stats

HintAnswer% Correct
BreadCatalanPa
95%
WaterSpAgua
82%
BreadFrenchPain
72%
BreadItalianPane
69%
WaterLatAqua
68%
WaterFrEau
68%
PotatoSpPapa
65%
MilkSpLeche
64%
BeerSpCerveza
63%
AppleFrPomme
63%
MilkFrLait
57%
PotatoFrPatate
55%
SugarCatSucre
55%
SugarFrSucre
55%
Ice creamCatGelat
53%
SugarSpAzúcar
51%
Ice creamItGelato
51%
AppleSpManzana
51%
PotatoCatPatata
50%
PotatoItPatata
50%
PotatoLatPatata
50%
RicePoArroz
49%
RiceSpArroz
49%
MilkItLatte
48%
RiceFrRiz
47%
BeerFrBière
46%
ButterFrBeurre
44%
BeerItBirra
38%
Ice creamSpHelado
36%
ButterSpMantequilla
36%
RiceItRiso
34%
Ice creamFrCrème glacée
33%
ButterItBurro
32%
MilkPoLeite
31%
AppleItMela
26%
ApplePoMaçã
22%
BeerPoCerveja
20%
ButterPoManteiga
17%
PotatoPoBatata
16%
Ice creamPoGelado
16%
MilkLatLac
15%
CabbageFrChou
14%
BreadLatinPanis
14%
BeerCatCervesa
12%
WaterRoApă
11%
BreadRomanianPâine
10%
AppleCatPoma
10%
WaterCatAigua
9%
BeerRoBere
9%
AppleRoMăr
9%
CabbageItCavolo
7%
MilkRoLapte
7%
WaterItAcque
6%
RiceCatArròs
6%
CabbageCatCol
6%
BreadPortuguesePanar
6%
CabbageSpRepollo
6%
ButterRoUnt
6%
ButterCatMantega
5%
RiceRoOrez
5%
SugarRoZahăr
5%
WaterPoÁguas
4%
PotatoRoCartof
4%
Ice creamRoInghetata
4%
MilkCatLlet
4%
AppleLatMālum
4%
CabbageRoVarză
4%
ButterLatButyrum
2%
BreadSpanishEmpanar
2%
SugarPoAçucarar
1%
BeerLatCervisia
1%
CabbagePoCouva
1%
CabbageLatCȳma
1%
Ice creamLatGlacies crepito
1%
RiceLatOryza
1%
SugarLatSāccharum
1%
SugarItZuccherare
1%

Score Distribution

Percentile by Number Answered

Percent of People with Each Score

Your Score History

You have not taken this quiz